[Event "Detroit (MOR/4/14)"]
[Site "?"]
[Date "1990.??.??"]
[Round "?"]
[White "Zubatch, Steve"]
[Black "Sujarit, A."]
[Result "1-0"]
[WhiteElo "1795"]
[BlackElo "1605"]
[PlyCount "97"]
[EventDate "1990.??.??"]

{4/(14)} 1. e4 e5 2. Nf3 Nc6 3. Bb5 a6 4. Ba4 Nf6 5. O-O Be7 6. Re1 b5 7. Bb3
O-O 8. c3 Bb7 9. d4 d6 10. Nbd2 Re8 11. Nf1 Bf8 12. Ng3 Na5 13. Bc2 g6 14. h3
Bg7 15. Nh2 Nd7 16. b3 Nc6 17. Be3 Qc8 18. Ng4 Nf6 19. Nh6+ Kf8 20. Qf3 Qd8 21.
Rad1 Qe7 22. Bg5 Bc8 23. Kh2 Bxh6 24. Bxh6+ Kg8 25. Bg5 Kg7 26. Qe3 Kh8 27. f4
Kg7 28. fxe5 dxe5 29. Rf1 exd4 30. cxd4 Nd5 31. Qd2 f6 32. Bh6+ Kg8 33. exd5
Nb4 34. Rde1 Qf7 35. Qxb4 Bb7 36. Rxe8+ Rxe8 37. Re1 Qd7 38. Rxe8+ Qxe8 39. Qc5
Qf7 40. Qa7 Bc8 41. Qb8 Qd7 42. d6 cxd6 43. Be4 Kf7 44. Bd5+ Ke7 45. Ne4 f5 46.
Bg5+ Kf8 47. Nf6 Qe7 48. Qxc8+ Kg7 49. Qg8# 1-0

[Event "Detroit (MOR/2/9)"]
[Site "?"]
[Date "1990.??.??"]
[Round "?"]
[White "Zubatch, M."]
[Black "Duweck, Mike"]
[Result "1-0"]
[WhiteElo "1745"]
[BlackElo "1605"]
[PlyCount "51"]
[EventDate "1990.??.??"]

{2/(9)} 1. e4 c5 2. Nf3 d6 3. d4 cxd4 4. Nxd4 Nf6 5. Nc3 a6 6. Bg5 Nbd7 7. f4
h6 8. Bh4 e6 9. Qf3 Be7 10. O-O-O O-O 11. g4 Nh7 12. Bxe7 Qxe7 13. h4 e5 14.
Nf5 Qd8 15. Rxd6 exf4 16. Qxf4 b5 17. Kb1 Bb7 18. g5 h5 19. g6 fxg6 20. Rxg6
Rxf5 21. Qxf5 Ndf8 22. Rg3 Qd2 23. Bd3 Qh6 24. Rhg1 Ne6 25. Rg6 Nd4 26. Qd7 1-0

[Event "Lansing (MI Am/4/14)"]
[Site "?"]
[Date "1990.??.??"]
[Round "?"]
[White "Zacks, Naum"]
[Black "Ruark, D."]
[Result "1/2-1/2"]
[WhiteElo "1915"]
[BlackElo "1685"]
[PlyCount "51"]
[EventDate "1990.??.??"]

{4/(14)} 1. e4 e5 2. Nf3 d6 3. d4 exd4 4. Qxd4 a6 5. Bc4 Nc6 6. Qc3 Nf6 7. O-O
Be7 8. Bd5 Bd7 9. Bxf7+ Kxf7 10. Ng5+ Kf8 11. f4 Nxe4 12. Nxe4 Bf6 13. Nxf6
Qxf6 14. Qxf6+ gxf6 15. Nc3 Ne7 16. Be3 Bc6 17. Ne2 Nf5 18. Bf2 Rg8 19. g3 Nh4
20. Nd4 Bd5 21. Be1 c5 22. Kf2 Re8 23. Rg1 cxd4 24. gxh4 Rxg1 25. Kxg1 Re2 26.
Bb4 1/2-1/2

[Event "Lansing (Jan)"]
[Site "?"]
[Date "1990.??.??"]
[Round "?"]
[White "Zacks, Naum"]
[Black "Mellen, Steve"]
[Result "0-1"]
[WhiteElo "1945"]
[BlackElo "1910"]
[PlyCount "62"]
[EventDate "1990.??.??"]

1. e4 Nf6 2. Bc4 b5 3. Bxf7+ Kxf7 4. e5 Bb7 5. Nf3 Ng8 6. O-O e6 7. d4 Be7 8.
Nc3 a6 9. Qe2 Nh6 10. Bxh6 gxh6 11. d5 Rg8 12. g3 Qf8 13. Rad1 b4 14. Rd4 Ke8
15. Ne4 Bxd5 16. Rfd1 c5 17. Rxd5 exd5 18. Rxd5 Qf7 19. Nd6+ Bxd6 20. Rxd6 Rg6
21. Qe4 Ra7 22. Nh4 Rxd6 23. exd6+ Kd8 24. Nf5 Nc6 25. Ne3 Nd4 26. Nd5 Ne6 27.
Qh4+ Kc8 28. Nb6+ Kb7 29. Nc4 Ng5 30. Kf1 Ra8 31. Ne5 Qf5 $138 0-1

[Event "Flint (Class A/4)"]
[Site "?"]
[Date "1990.??.??"]
[Round "?"]
[White "Zacks, Naum"]
[Black "Manion, Tom"]
[Result "0-1"]
[WhiteElo "1910"]
[BlackElo "1885"]
[PlyCount "80"]
[EventDate "1990.??.??"]

1. e4 e5 2. d4 exd4 3. Qxd4 Nc6 4. Qe3 Nf6 5. e5 Nd5 6. Qe4 Nb6 7. Nf3 Qe7 8.
Nc3 d6 9. Be3 Nxe5 10. O-O-O Nec4 11. Bxc4 Qxe4 12. Bxf7+ Kxf7 13. Ng5+ Kg6 14.
Ngxe4 Nc4 15. Bf4 Bd7 16. b3 Nb6 17. Be3 h6 18. a4 Bc6 19. f3 Be7 20. a5 Nd7
21. Nd5 Bd8 22. h4 Re8 23. g4 Re5 24. c4 Nf6 25. Nf4+ Kf7 26. Bd4 Nxe4 27. fxe4
Rxe4 28. Rhf1 Kg8 29. Kc2 Bxh4 30. Kd3 Bg5 31. Nd5 Bxd5 32. cxd5 Rxg4 33. Rf3
c5 34. dxc6 bxc6 35. Rdf1 c5 36. Bc3 Re8 37. Ba1 Rb4 38. Rf7 Re3+ 39. Kc2 Re2+
40. Kd3 Re7 0-1

[Event "Detroit (MI Op/3/24)"]
[Site "?"]
[Date "1990.??.??"]
[Round "?"]
[White "Zacks, Naum"]
[Black "Hendricks, Marcus"]
[Result "1-0"]
[WhiteElo "1895"]
[BlackElo "2015"]
[PlyCount "87"]
[EventDate "1990.??.??"]

{3/(24)} 1. e4 c5 2. Nf3 e6 3. c3 Nf6 4. e5 Nd5 5. c4 Nb6 6. Nc3 d5 7. exd6
Bxd6 8. Be2 Nc6 9. O-O O-O 10. Nb5 Be7 11. d4 a6 12. dxc5 axb5 13. Qxd8 Rxd8
14. cxb5 Bxc5 15. bxc6 bxc6 16. Bf4 Nd5 17. Be5 f6 18. Bg3 e5 19. Rfc1 Bd4 20.
Nxd4 exd4 21. Rxc6 Nb4 22. Rd6 Bf5 23. Bc4+ Kf8 24. Rd1 Nc2 25. a3 Ke7 26. Rxd8
Rxd8 27. Bd3 Bxd3 28. Rxd3 Ke6 29. Kf1 Kd5 30. Ke2 Kc4 31. Kd2 Na1 32. Bc7 Re8
33. Rg3 Nb3+ 34. Kd1 g6 35. Bb6 Re6 36. Ba7 Re7 37. Bb8 Re6 38. f4 Nc5 39. f5
Re8 40. Ba7 Nd3 41. fxg6 Nxb2+ 42. Kd2 d3 43. Be3 hxg6 44. Rxg6 {[Remainder
illegible; 1-0, 51?]} 1-0

[Event "Lansing (MI Am/3/5)"]
[Site "?"]
[Date "1990.??.??"]
[Round "?"]
[White "Zacks, Naum"]
[Black "Harger, Tim"]
[Result "0-1"]
[WhiteElo "1915"]
[BlackElo "1765"]
[PlyCount "70"]
[EventDate "1990.??.??"]

{3/(5)} 1. e4 Nf6 2. e5 Nd5 3. Bc4 Nb6 4. Bb3 Nc6 5. d4 d6 6. e6 fxe6 7. Nc3 e5
8. Nf3 Nxd4 9. Nxe5 dxe5 10. Qh5+ Kd7 11. O-O e6 12. Rd1 Bd6 13. Ne4 Qe8 14.
Qh3 h6 15. c4 c5 16. Nxd6 Kxd6 17. Qe3 Qh5 18. Qg3 Kc7 19. Qxg7+ Bd7 20. Qe7
Nxb3 21. Qd6+ Kc8 22. axb3 Rg8 23. Be3 Qg4 24. g3 Qh3 25. Bxc5 Bc6 26. Qxc6+
bxc6 27. Bxb6 Kb7 28. Ba5 Rg7 29. Bc3 Qf5 30. Re1 Rf8 31. Re2 Qf3 32. Rae1 Rg5
33. Bd2 Rh5 34. Be3 Rxh2 35. Kxh2 Rf5 0-1

[Event "Flint (Class A/2)"]
[Site "?"]
[Date "1990.??.??"]
[Round "?"]
[White "Zacks, Naum"]
[Black "Frawley, Ed"]
[Result "1-0"]
[WhiteElo "1910"]
[BlackElo "1815"]
[PlyCount "95"]
[EventDate "1990.??.??"]

1. e4 e6 2. d4 d5 3. Nc3 Bb4 4. Qg4 Nf6 5. Qxg7 Rg8 6. Qh6 Rg6 7. Qh3 Nxe4 8.
Qxh7 Qf6 9. Nf3 Nxc3 10. Bd2 Nxa2 11. c3 Nxc3 12. bxc3 Bf8 13. h4 Nd7 14. h5
Rg4 15. Qb1 Bh6 16. Qc1 Bxd2+ 17. Qxd2 Qh8 18. h6 Nf6 19. O-O-O Ne4 20. Qc2 a5
21. Ne5 Rf4 22. f3 Ng3 23. Rh3 Nf5 24. Qd2 Rh4 25. Rxh4 Nxh4 26. g4 f6 27. Bb5+
Ke7 28. Rh1 fxe5 29. Rxh4 exd4 30. Qxd4 Bd7 31. Qc5+ Kd8 32. Bxd7 Kxd7 33. h7
Ra6 34. Qd4 Ra8 35. g5 e5 36. Qxd5+ Ke7 37. Qc5+ Ke6 38. Qc4+ Ke7 39. Qxc7+ Ke6
40. g6 Rc8 41. Qf7+ Kd6 42. c4 e4 43. g7 Rxc4+ 44. Qxc4 Qxg7 45. h8=Q Qg1+ 46.
Kb2 Qb6+ 47. Ka3 Qe3+ 48. Qhc3 1-0

[Event "Detroit (RVO/2)"]
[Site "?"]
[Date "1990.??.??"]
[Round "?"]
[White "Zacks, Naum"]
[Black "Basin, Leonid"]
[Result "0-1"]
[WhiteElo "1905"]
[BlackElo "2510"]
[PlyCount "32"]
[EventDate "1990.??.??"]

1. e4 c5 2. Nf3 Nc6 3. Nc3 g6 4. d4 cxd4 5. Nxd4 Bg7 6. Be3 d6 7. Bb5 Bd7 8.
O-O Nf6 9. h3 O-O 10. f4 Nxd4 11. Bxd7 Nxc2 12. Qxc2 Qxd7 13. Qb3 Qe6 14. Qxb7
Rab8 15. Qxa7 Rxb2 16. f5 Qc4 {[Remainder of scoresheet illegible; 0-1, 20?]}
0-1

[Event "Lansing (MI Am/2/11)"]
[Site "?"]
[Date "1990.??.??"]
[Round "?"]
[White "Zacks, Naum"]
[Black "Anderson, Gale"]
[Result "1-0"]
[WhiteElo "1915"]
[BlackElo "1710"]
[PlyCount "81"]
[EventDate "1990.??.??"]

{2/(11)} 1. e4 c5 2. Nf3 Nc6 3. Nc3 e5 4. Bc4 d6 5. h3 f5 6. exf5 Bxf5 7. d3 h6
8. Nd5 Nf6 9. Ne3 Bd7 10. Nh4 Ne7 11. Nd5 Nexd5 12. Bxd5 Qa5+ 13. Bd2 Qb6 14.
Ng6 Rh7 15. Nxf8 Kxf8 16. Qf3 Qxb2 17. O-O Qxc2 18. Rfd1 Ke7 19. Bb3 Qb2 20.
Qxb7 Rhh8 21. Rdb1 Qa3 22. Qf3 Rab8 23. Qg3 Rh7 24. f4 e4 25. dxe4 c4 26. e5
Ne4 27. Qh4+ g5 28. fxg5 Qc5+ 29. Kh2 Qxe5+ 30. Bf4 Bf5 31. Bxe5 hxg5 32. Bxd6+
Kf6 33. Qxh7 Bxh7 34. Bxb8 cxb3 35. Rxb3 Bg8 36. Rf1+ Kg6 37. Ra3 Nd2 38. Rf8
Kg7 39. Rd8 Ne4 40. Rxa7+ Kh8 41. Be5+ 1-0

[Event "Lansing (MI Am/4/11)"]
[Site "?"]
[Date "1990.??.??"]
[Round "?"]
[White "Yaure, Chris"]
[Black "McIntosh, S."]
[Result "1-0"]
[WhiteElo "1925"]
[BlackElo "1720"]
[PlyCount "121"]
[EventDate "1990.??.??"]

{4/(11)} 1. Nf3 d5 2. g3 c5 3. Bg2 Nc6 4. O-O Nf6 5. d3 g6 6. c3 Bg7 7. Nbd2
O-O 8. e4 e5 9. exd5 Nxd5 10. Ne4 Qe7 11. Bg5 f6 12. Bd2 Be6 13. Qc1 Rfd8 14.
Bh6 Rac8 15. Bxg7 Kxg7 16. Re1 b5 17. a3 b4 18. axb4 cxb4 19. c4 Nb6 20. Qc2
Nd4 21. Nxd4 Rxd4 22. Ra6 Rc7 23. Rea1 Bf5 24. b3 Rcd7 25. Bf1 Rc7 26. Qa2 Bxe4
27. dxe4 Nc8 28. Bh3 Rxe4 29. Bxc8 Rxc8 30. Rxa7 Rc7 31. Rxc7 Qxc7 32. Qa7 Re1+
33. Kg2 Qxa7 34. Rxa7+ Kf8 35. Rb7 h5 36. Rxb4 Ke7 37. Ra4 Rc1 38. Kf3 Rc3+ 39.
Ke4 Rxb3 40. Kd5 Rd3+ 41. Kc6 Rd2 42. c5 Rxf2 43. Ra7+ Ke6 44. Kc7 Rc2 45. c6
e4 46. Kb7 Rb2+ 47. Ka8 e3 48. c7 Rc2 49. Kb8 e2 50. Ra1 Rb2+ 51. Kc8 Ke7 52.
Rc1 f5 53. h4 Kf6 54. Kd8 Rd2+ 55. Ke8 Rd1 56. Rc6+ Kg7 57. c8=Q e1=Q+ 58. Re6
Qxg3 59. Qb7+ Kh6 60. Qb4 Kh7 61. Qe7+ 1-0

[Event "Lansing (MI Am/1/11)"]
[Site "?"]
[Date "1990.??.??"]
[Round "?"]
[White "Yaure, Chris"]
[Black "Letourneau, Keith"]
[Result "1-0"]
[WhiteElo "1925"]
[BlackElo "1605"]
[PlyCount "107"]
[EventDate "1990.??.??"]

{1/(11)} 1. Nf3 c6 2. g3 d5 3. Bg2 Bf5 4. O-O Nd7 5. d3 Ngf6 6. c4 e6 7. Nh4
Bg6 8. Nxg6 hxg6 9. Nc3 Ne5 10. cxd5 cxd5 11. Bf4 Nc6 12. Nb5 e5 13. Bg5 a6 14.
Nc3 d4 15. Nd5 Rh5 16. Nxf6+ gxf6 17. Bd2 Qd7 18. Rc1 Bd6 19. f4 Ke7 20. Rf2
Rah8 21. Bf3 R5h7 22. Qf1 Nd8 23. fxe5 fxe5 24. Bd5 Ne6 25. Bxe6 Qxe6 26. Bg5+
Kd7 27. Qg2 Rb8 28. Rf6 Qxa2 29. Qf3 Be7 30. Qg4+ Qe6 31. Rxe6 fxe6 32. Bxe7
Rxe7 33. Qxg6 Kd6 34. Qg5 b6 35. Rc6+ Kxc6 36. Qxe7 a5 37. Qxe6+ Kb7 38. Qxe5
a4 39. Qxd4 b5 40. e4 Ra8 41. Qd7+ Ka6 42. Qc6+ Ka7 43. Qxb5 a3 44. bxa3 Rg8
45. Qd7+ Kb8 46. e5 Rh8 47. e6 Ka8 48. Qd5+ Kb8 49. Qe5+ Kc8 50. Qxh8+ Kc7 51.
Qe5+ Kd8 52. Qd6+ Ke8 53. Qd7+ Kf8 54. Qf7# 1-0

[Event "Detroit (MOR/1b/28)"]
[Site "?"]
[Date "1990.??.??"]
[Round "?"]
[White "Yanalunas, J."]
[Black "Sujarit, A."]
[Result "0-1"]
[WhiteElo "1605"]
[BlackElo "1605"]
[PlyCount "46"]
[EventDate "1990.??.??"]

1. d4 Nf6 2. c4 e6 3. Nc3 Bb4 4. a3 Bxc3+ 5. bxc3 d6 6. Nf3 b6 7. e3 Bb7 8. Bd3
Nbd7 9. O-O O-O 10. Rb1 Re8 11. e4 Nxe4 12. Bxe4 Bxe4 13. Bg5 Bxf3 14. Qd2 f6
15. gxf3 fxg5 16. Rfe1 Qf6 17. c5 dxc5 18. dxc5 Nxc5 19. Rb4 Qxf3 20. Qxg5 Nd3
21. Re3 Qxf2+ 22. Kh1 Qf1+ 23. Qg1 Nf2# 0-1

[Event "Detroit (MOR/5/54)"]
[Site "?"]
[Date "1990.??.??"]
[Round "?"]
[White "Yanalunas, J."]
[Black "Donovan, R."]
[Result "0-1"]
[WhiteElo "1605"]
[BlackElo "1605"]
[PlyCount "96"]
[EventDate "1990.??.??"]

{5/(54)} 1. e4 c5 2. Nf3 Nc6 3. Bc4 Nf6 4. Nc3 e6 5. e5 Ng4 6. d4 cxd4 7. Nxd4
Ngxe5 8. Nxc6 bxc6 9. O-O Nxc4 10. Ne4 h6 11. Bf4 d5 12. b3 Nd6 13. Nxd6+ Bxd6
14. Bxd6 Qxd6 15. Rb1 O-O 16. c3 Rd8 17. b4 Ba6 18. Re1 Rab8 19. Qd2 c5 20.
bxc5 Qxc5 21. Rb2 Rb6 22. Qc2 Bd3 23. Qc1 Rdb8 24. Rxb6 Rxb6 25. Rd1 Bg6 26. c4
Rb1 27. Qd2 Rxd1+ 28. Qxd1 Qxc4 29. h3 Qxa2 30. Qc1 Qb1 31. Qxb1 Bxb1 32. Kf1
a5 33. Ke1 a4 34. Kd1 a3 35. Kc1 a2 36. Kb2 Kh7 37. g3 f5 38. h4 d4 39. h5 g6
40. hxg6+ Kxg6 41. g4 fxg4 42. Kc1 a1=Q 43. Kd2 Qc3+ 44. Ke2 d3+ 45. Ke3 d2+
46. Ke2 Bc2 47. f3 d1=Q+ 48. Kf2 Qcxf3# 0-1

[Event "Detroit (MOR/3/43)"]
[Site "?"]
[Date "1990.??.??"]
[Round "?"]
[White "Yanalunas, J."]
[Black "Calton, David A"]
[Result "0-1"]
[WhiteElo "1605"]
[BlackElo "1605"]
[PlyCount "122"]
[EventDate "1990.??.??"]

{3/(43)} 1. e4 g6 2. d4 Bg7 3. Nf3 d6 4. Bc4 f5 5. Nc3 Nc6 6. O-O e5 7. d5 Nce7
8. Bg5 Nf6 9. Bb5+ Bd7 10. Qe2 O-O 11. Bxd7 Qxd7 12. Nb5 Nxe4 13. Bxe7 Qxe7 14.
Nd2 Nxd2 15. Qxd2 e4 16. c4 a6 17. Nd4 Bxd4 18. Qxd4 Qf6 19. Qe3 Rae8 20. Qa7
Rb8 21. Rfe1 Qxb2 22. c5 dxc5 23. Qxc5 Qb6 24. Qe7 Qd6 25. Qxd6 cxd6 26. Rac1
Rbc8 27. Rb1 Rf7 28. h3 Rc5 29. Red1 Re7 30. a4 b5 31. axb5 axb5 32. Ra1 Re5
33. Ra7 Rexd5 34. Rda1 h5 35. R1a6 Rc8 36. Rb6 Re5 37. Rbb7 Rce8 38. Rg7+ Kh8
39. Rxg6 R8e7 40. Ra6 R7e6 41. Rg5 d5 42. Rxh5+ Kg7 43. Ra7+ Kg6 44. Rah7 Re8
45. R7h6+ Kf7 46. Rg5 d4 47. Rh7+ Ke6 48. Rg6+ Kd5 49. Rd7+ Kc4 50. Rc6+ Kd3
51. h4 Ke2 52. Rxd4 Ra8 53. Rc2+ Ke1 54. Rb4 Rd8 55. h5 f4 56. h6 f3 57. h7 Rh5
58. Rxe4+ Kd1 59. Ra2 Rxh7 60. Rb4 Kc1 61. Rbb2 Rd1# 0-1

[Event "Detroit (MI Op/6/17)"]
[Site "?"]
[Date "1990.??.??"]
[Round "?"]
[White "Yahkind, Alex"]
[Black "Selitsky, B."]
[Result "0-1"]
[WhiteElo "2065"]
[BlackElo "1945"]
[PlyCount "48"]
[EventDate "1990.??.??"]

{6/(17)} 1. e4 c5 2. Nf3 Nc6 3. d4 cxd4 4. Nxd4 Nf6 5. Nc3 e5 6. Nxc6 bxc6 7.
Bg5 Rb8 8. Bc4 Rxb2 9. Bxf6 gxf6 10. O-O Rb4 11. Qe2 Bg7 12. a3 Rb8 13. Rab1
Rxb1 14. Rxb1 O-O 15. Rd1 f5 16. Rd6 f4 17. Qd3 Qg5 18. Ne2 Bf6 19. Qc3 Be7 20.
Rd3 d5 21. exd5 e4 22. d6 Bf6 23. Rd4 f3 24. Ng3 c5 0-1

[Event "Detroit (MI Op/3/22)"]
[Site "?"]
[Date "1990.??.??"]
[Round "?"]
[White "Yahkind, Alex"]
[Black "Sanborn, Richard"]
[Result "1-0"]
[WhiteElo "2065"]
[BlackElo "1885"]
[PlyCount "59"]
[EventDate "1990.??.??"]

{3/(22)} 1. e4 c5 2. Nf3 d6 3. d4 cxd4 4. Nxd4 Nf6 5. Nc3 a6 6. Be2 e5 7. Nf3
Be6 8. O-O h6 9. Be3 b5 10. Nd5 Nbd7 11. a4 Bxd5 12. exd5 b4 13. a5 Qc7 14. Nh4
Qb7 15. Bc4 Rc8 16. b3 g6 17. Qe2 Nc5 18. Bxc5 Rxc5 19. Bxa6 Qxd5 20. Bc4 Qc6
21. a6 Be7 22. a7 O-O 23. Nxg6 Qa8 24. Nxe7+ Kh7 25. Qd3+ e4 26. Qxd6 Rg5 27.
Qxf6 e3 28. Bd3+ Rg6 29. Bxg6+ fxg6 30. Qxg6+ 1-0

[Event "Detroit (MI Op/1a/22)"]
[Site "?"]
[Date "1990.??.??"]
[Round "?"]
[White "Yahkind, Alex"]
[Black "Roberts, Kenneth"]
[Result "1-0"]
[WhiteElo "2065"]
[BlackElo "1790"]
[PlyCount "43"]
[EventDate "1990.??.??"]

1. e4 e6 2. d4 d5 3. e5 c5 4. c3 Nc6 5. Nf3 Qb6 6. Be2 cxd4 7. cxd4 f6 8. O-O
fxe5 9. dxe5 Bc5 10. Nc3 a6 11. Na4 Qa7 12. Nxc5 Qxc5 13. Be3 Qa5 14. a3 Nge7
15. b4 Qc7 16. Rc1 b5 17. Nd4 Bd7 18. f4 g5 19. Bh5+ Ng6 20. Qc2 Qb6 21. Bxg6+
Kf8 22. Nxe6+ 1-0

[Event "Lansing (Feb)"]
[Site "?"]
[Date "1990.??.??"]
[Round "?"]
[White "Yahkind, Alex"]
[Black "Hahn, David"]
[Result "1/2-1/2"]
[WhiteElo "2100"]
[BlackElo "2220"]
[PlyCount "146"]
[EventDate "1990.??.??"]

1. e4 g6 2. d4 Bg7 3. f4 d6 4. Nf3 Nf6 5. Nc3 c5 6. dxc5 Qa5 7. Bb5+ Bd7 8.
Bxd7+ Nbxd7 9. O-O Qxc5+ 10. Kh1 O-O 11. Qe2 Rac8 12. Be3 Qc4 13. Qxc4 Rxc4 14.
Nd2 Rc6 15. Bg1 a6 16. Rae1 e6 17. Nf3 b5 18. a3 Nh5 19. Nd4 Bxd4 20. Bxd4 Nxf4
21. Rxf4 e5 22. Bxe5 Nxe5 23. Rf2 Kg7 24. Nd5 Rc5 25. Rd1 Rc4 26. Nf6 Rd8 27.
h3 Rc6 28. b3 h6 29. Nd5 Rdc8 30. Nb4 Rc3 31. Rxd6 a5 32. Nd5 Rxc2 33. Rxc2
Rxc2 34. Rb6 Ra2 35. Rxb5 Rxa3 36. Nc3 Nc6 37. Na4 Nd4 38. Rxa5 Nxb3 39. Ra6
Ra1+ 40. Kh2 Re1 41. Nc3 Nc5 42. Rc6 Nxe4 43. Nxe4 Rxe4 44. Rc3 h5 45. Kg3 h4+
46. Kf3 Ra4 47. Rb3 Kh6 48. Rc3 Kg5 49. g3 hxg3 50. Kxg3 f5 51. Rc7 Ra3+ 52.
Kg2 Kf4 53. Rc4+ Ke3 54. Kg3 g5 55. Rc2 Rd3 56. Ra2 f4+ 57. Kg4 f3 58. Kg3 Ke4
59. Ra4+ Kf5 60. Ra5+ Kg6 61. Ra8 f2+ 62. Kxf2 Rxh3 63. Kg2 Rb3 64. Rc8 Kh5 65.
Rc4 Ra3 66. Rb4 Kg6 67. Rb5 Ra4 68. Rb3 Kh5 69. Kg3 Ra5 70. Rc3 Ra4 71. Rb3
Rg4+ 72. Kh3 Re4 73. Kg3 Re1 1/2-1/2

[Event "Lansing (Feb)"]
[Site "?"]
[Date "1990.??.??"]
[Round "?"]
[White "Yahkind, Alex"]
[Black "Finegold, Mark"]
[Result "0-1"]
[WhiteElo "2100"]
[BlackElo "2195"]
[PlyCount "88"]
[EventDate "1990.??.??"]

1. e4 c5 2. Nf3 e6 3. d4 cxd4 4. Nxd4 Nf6 5. Nc3 Nc6 6. Nxc6 bxc6 7. Bd3 d5 8.
O-O Be7 9. e5 Nd7 10. f4 Nc5 11. Qg4 Nxd3 12. Qxg7 Qb6+ 13. Kh1 Nf2+ 14. Rxf2
Qxf2 15. Qxh8+ Kd7 16. h3 Bc5 17. Bd2 Qxd2 18. Qf6 Qxc2 19. Qxf7+ Be7 20. Rf1
Qg6 21. Qxg6 hxg6 22. g4 Ba6 23. Rd1 Kc7 24. Kg2 Rd8 25. Kg3 d4 26. Ne4 Be2 27.
Rd2 d3 28. Nc3 Bb4 29. a3 Bxc3 30. bxc3 Kd7 31. Kf2 Ke7 32. Kg3 Rd5 33. Kh4 Rc5
34. Kg5 Rxc3 35. Rb2 Rc2 36. Rb7+ Kd8 37. f5 gxf5 38. gxf5 d2 39. Kf6 d1=Q 40.
fxe6 Qf1+ 41. Kg7 Bh5 42. Rd7+ Kc8 43. Rf7 Bxf7 44. exf7 Rg2+ 0-1

[Event "Lansing (Jan)"]
[Site "?"]
[Date "1990.??.??"]
[Round "?"]
[White "Wysocki, Jason"]
[Black "Thompson, Dexter"]
[Result "0-1"]
[WhiteElo "2110"]
[BlackElo "2345"]
[PlyCount "94"]
[EventDate "1990.??.??"]

1. d4 d5 2. Nf3 Nf6 3. e3 Bf5 4. Bd3 Bxd3 5. cxd3 e6 6. O-O Nbd7 7. Nc3 c5 8.
e4 cxd4 9. Nxd4 Bc5 10. Nb3 dxe4 11. dxe4 Be7 12. Qe2 e5 13. Be3 O-O 14. Rfd1
Rc8 15. Rd2 Bb4 16. Rad1 Bxc3 17. bxc3 Qc7 18. f3 a5 19. Qb5 Qxc3 20. Rd3 Qc2
21. Nxa5 Qxa2 22. Nxb7 Qe2 23. Bf2 Rc2 24. Rf1 Rb2 25. Qa6 Rxb7 26. Re1 Qb2 27.
g4 h6 28. h4 Qb4 29. Kg2 Rfb8 30. Rc1 Qb2 31. Rdc3 Qb5 32. Qd6 Qb4 33. Qd3 Nf8
34. Rc8 Rd7 35. Qa6 Qb7 36. Qc4 Rxc8 37. Qxc8 Qxc8 38. Rxc8 Rd2 39. g5 hxg5 40.
hxg5 N6d7 41. Kg3 Kh7 42. Be1 Rb2 43. Rd8 Kg6 44. Bc3 Rb3 45. Bd2 Rd3 46. Bc1
Ne6 47. Rg8 Ndf8 0-1

[Event "Detroit (MI Op/1b/5)"]
[Site "?"]
[Date "1990.??.??"]
[Round "?"]
[White "Wysocki, Jason"]
[Black "Haakonstad, Olaf"]
[Result "0-1"]
[WhiteElo "2110"]
[BlackElo "1850"]
[PlyCount "154"]
[EventDate "1990.??.??"]

1. d4 Nf6 2. c4 e6 3. g3 b6 4. Bg2 c6 5. Nf3 Bb7 6. O-O Bd6 7. Nc3 O-O 8. e4
Bc7 9. e5 Ne8 10. Nh4 d6 11. Qe2 Nd7 12. f4 f6 13. exd6 Nxd6 14. Qxe6+ Kh8 15.
Qh3 Re8 16. f5 Nxc4 17. Ne4 c5 18. Ng5 fxg5 19. Ng6+ Kg8 20. Bxb7 Nf6 21. Bxg5
Qxd4+ 22. Kh1 Rad8 23. Rfe1 Qxb2 24. Bxf6 gxf6 25. Qh6 Qd2 26. Ne7+ Rxe7 27.
Qxd2 Rxd2 28. Rxe7 Be5 29. Rc1 Ne3 30. Bc8 c4 31. Be6+ Kf8 32. Rf7+ Ke8 33.
Rxa7 c3 34. Bf7+ Kd8 35. Bb3 h6 36. Rb7 Ng4 37. Rc2 Rd1+ 38. Kg2 Ne3+ 39. Kh3
Nxc2 40. Bxc2 Rd2 41. Bb3 c2 42. Bxc2 Rxc2 43. Rxb6 Rxa2 44. Rb7 Rf2 45. Rh7
Rxf5 46. Rxh6 Ke7 47. Rh7+ Ke6 48. Kg2 Bd4 49. h4 Rf2+ 50. Kh3 Kf5 51. Rb7 Rf3
52. Rb8 Rf1 53. Rb5+ Ke4 54. g4 Rh1+ 55. Kg3 Be5+ 56. Kf2 Rxh4 57. Rb4+ Kd3 58.
Kf3 Rh3+ 59. Kg2 Rg3+ 60. Kf2 Kd2 61. Re4 Re3 62. Ra4 Rc3 63. Ra8 Bd4+ 64. Kg2
Ke2 65. Ra5 Ke3 66. Kg3 Ke4+ 67. Kh4 Rc5 68. Ra2 Kf4 69. Ra4 Rd5 70. Rb4 Kf3
71. Rb3+ Be3 72. Ra3 Rd4 73. Kh3 Rd8 74. Ra5 Rh8+ 75. Rh5 Rxh5+ 76. gxh5 f5 77.
Kh4 Bh6 0-1

[Event "Detroit (MI Op/7/11)"]
[Site "?"]
[Date "1990.??.??"]
[Round "?"]
[White "Wysocki, Jason"]
[Black "El-murr, Toni"]
[Result "1-0"]
[WhiteElo "2110"]
[BlackElo "1940"]
[PlyCount "119"]
[EventDate "1990.??.??"]

{7/(11)} 1. Nf3 Nf6 2. c4 d5 3. g3 c6 4. b3 Bg4 5. Bg2 e6 6. Bb2 Be7 7. O-O Na6
8. d3 O-O 9. Nbd2 Re8 10. Ne5 Bh5 11. Ndf3 Nc5 12. b4 Ncd7 13. Rb1 Bxb4 14.
Nxd7 Nxd7 15. Bxg7 Kxg7 16. Rxb4 b6 17. cxd5 exd5 18. Rh4 Bg6 19. Qc1 Qf6 20.
Rf4 Qd6 21. e4 Rac8 22. Nh4 d4 23. Rg4 Kh8 24. f4 Bh5 25. Nf5 Qc5 26. Rg5 Be2
27. Qb2 Bxf1 28. Nxd4 Re5 29. fxe5 Bxd3 30. Kh1 f6 31. e6 Ne5 32. Nf3 Qb5 33.
Nxe5 fxe5 34. Qxe5+ Qxe5 35. Rxe5 Kg7 36. Bh3 c5 37. e7 Re8 38. Bd7 Kf7 39.
Bxe8+ Kxe8 40. Kg2 c4 41. Kf3 a6 42. Ke3 Bb1 43. a3 c3 44. g4 b5 45. Ke2 Ba2
46. Kd3 Bc4+ 47. Kxc3 Be2 48. g5 a5 49. Kd4 b4 50. axb4 axb4 51. h3 Bh5 52. Kc4
Kd7 53. Kxb4 Be8 54. Kc5 Bg6 55. Kd4 Be8 56. Ke3 Kd6 57. Kf4 Kd7 58. Kf5 Kd6
59. Kf6 Bd7 60. Rd5+ 1-0

[Event "Detroit (MI Op/3/18)"]
[Site "?"]
[Date "1990.??.??"]
[Round "?"]
[White "Wysocki, Jason"]
[Black "Calton, David W"]
[Result "1/2-1/2"]
[WhiteElo "2110"]
[BlackElo "1905"]
[PlyCount "23"]
[EventDate "1990.??.??"]

{3/(18)} 1. d4 Nf6 2. c4 g6 3. Nc3 Bg7 4. e4 d6 5. f3 O-O 6. Be3 e5 7. Nge2 Nc6
8. Qd2 exd4 9. Nxd4 Nxd4 10. Bxd4 Be6 11. Nd5 c6 12. Nf4 1/2-1/2

[Event "Detroit (MI Op/5/20)"]
[Site "?"]
[Date "1990.??.??"]
[Round "?"]
[White "Wysocki, Jason"]
[Black "Almquist, W."]
[Result "1-0"]
[WhiteElo "2110"]
[BlackElo "1870"]
[PlyCount "63"]
[EventDate "1990.??.??"]

{5/(20)} 1. c4 e5 2. g3 c6 3. d4 exd4 4. Qxd4 Nf6 5. Nc3 Be7 6. Bg2 O-O 7. e4
Na6 8. Nge2 Bc5 9. Qd2 Ng4 10. O-O Qb6 11. Nd1 f5 12. exf5 Rxf5 13. Nf4 Ne5 14.
Qe2 d6 15. Be4 Rf8 16. Qh5 g6 17. Qh6 Bf5 18. Bxf5 Rxf5 19. Ne6 Rf7 20. Bf4 Re8
21. Ng5 Rfe7 22. Bxe5 dxe5 23. Nc3 Rf8 24. Nce4 Qxb2 25. Rad1 Qxa2 26. Nxh7
Rxh7 27. Qxg6+ Kh8 28. Nf6 Rxf6 29. Qxf6+ Rg7 30. Rd8+ Kh7 31. Qf5+ Kh6 32.
Rh8+ 1-0

[Event "Detroit (RVO/3)"]
[Site "?"]
[Date "1990.??.??"]
[Round "?"]
[White "Wright, William"]
[Black "Wilson, Vester"]
[Result "0-1"]
[WhiteElo "1965"]
[BlackElo "2060"]
[PlyCount "108"]
[EventDate "1990.??.??"]

1. d4 d5 2. c4 dxc4 3. Nc3 a6 4. a4 Nc6 5. Nf3 Na5 6. e4 c6 7. Ne5 b5 8. d5 Bb7
9. Bf4 cxd5 10. exd5 b4 11. Na2 Qxd5 12. Qxd5 Bxd5 13. Nxb4 e6 14. Nc2 Bd6 15.
Ne3 f6 16. Nd3 Bf8 17. Nc1 Bb4+ 18. Ke2 Nc6 19. f3 g5 20. Nxd5 exd5 21. Bd2 Rb8
22. Ra2 Nge7 23. Kd1 Ng6 24. Bc3 d4 25. Bxb4 Nxb4 26. Ra3 Ne5 27. h4 Kf7 28.
hxg5 fxg5 29. g3 d3 30. f4 Ng4 31. Kd2 Nc2 32. Ra2 gxf4 33. gxf4 h5 34. b3 Nf2
35. Rxc2 cxb3 36. Rc7+ Kf6 37. Rc6+ Ke7 38. Nxb3 Nxh1 39. Nc5 Nf2 40. Ke3 Rb2
41. Nxd3 Nxd3 42. Bxd3 h4 43. Bxa6 h3 44. Rc1 h2 45. Rh1 Rh3+ 46. Kd4 Rb4+ 47.
Ke5 Rxa4 48. Bb7 Rh5+ 49. f5 Ra5+ 50. Kd4 Raxf5 51. Be4 Rfg5 52. Ke3 Rg1 53.
Kf2 Rxh1 54. Bxh1 Rg5 0-1

[Event "Detroit (RVO/1)"]
[Site "?"]
[Date "1990.??.??"]
[Round "?"]
[White "Wright, William"]
[Black "Sawmiller, Tim"]
[Result "1-0"]
[WhiteElo "1965"]
[BlackElo "1605"]
[PlyCount "47"]
[EventDate "1990.??.??"]

1. d4 Nf6 2. Nf3 e6 3. c4 d5 4. Nc3 Bb4 5. Qa4+ Nc6 6. Bg5 Bxc3+ 7. bxc3 O-O 8.
e3 Bd7 9. Qc2 Re8 10. Bd3 h6 11. Bh4 Na5 12. cxd5 exd5 13. O-O b6 14. Ne5 Be6
15. f4 c5 16. Qe2 c4 17. Bc2 Rc8 18. Rae1 Nb7 19. f5 Bd7 20. Bxf6 gxf6 21. Nxd7
Qxd7 22. Qh5 Kh7 23. Rf3 Rg8 24. Rh3 1-0